Biological surveys of estuaries and coasts

שמור ב:
מידע ביבליוגרפי
פורמט: ספר
שפה:Undetermined
יצא לאור: New York Cambridge University Press 1987
נושאים:
תגים: הוספת תג
אין תגיות, היה/י הראשונ/ה לתייג את הרשומה!
Thư viện lưu trữ: Trung tâm Học liệu Trường Đại học Cần Thơ
LEADER 00563nam a2200181Ia 4500
001 CTU_150135
008 210402s9999 xx 000 0 und d
082 |a 574.526365 
082 |b B615 
245 0 |a Biological surveys of estuaries and coasts 
245 0 |c Edited by J. M. Baker, W. J. Wolff 
260 |a New York 
260 |b Cambridge University Press 
260 |c 1987 
650 |a Estuarine biology,Coastal biology,Ecological surveys 
650 |x Methodology,Methodology 
904 |i Giang 
980 |a Trung tâm Học liệu Trường Đại học Cần Thơ